<?xml version="1.0" encoding="UTF-8"?>
<collection xmlns="http://www.loc.gov/MARC21/slim">
<record>
  <controlfield tag="001">1934</controlfield>
  <controlfield tag="005">20160701171655.0</controlfield>
  <datafield tag="024" ind1="7" ind2=" ">
    <subfield code="a">10.1051/0004-6361:20030310</subfield>
    <subfield code="2">DOI</subfield>
  </datafield>
  <datafield tag="037" ind1=" " ind2=" ">
    <subfield code="a">ASTROimport-91</subfield>
  </datafield>
  <datafield tag="100" ind1=" " ind2=" ">
    <subfield code="a">Nakos, T.</subfield>
  </datafield>
  <datafield tag="260" ind1=" " ind2=" ">
    <subfield code="c">2003</subfield>
  </datafield>
  <datafield tag="245" ind1=" " ind2=" ">
    <subfield code="a">A catalog of secondary photometric standard stars around gravitational lenses</subfield>
  </datafield>
  <datafield tag="520" ind1=" " ind2=" ">
    <subfield code="a">We present a catalog of secondary photometric standard stars in the neighborhood of 14 gravitationally lensed quasars. These stars were verified to be non variable using long-term monitoring. The instrumental magnitudes of the new standard stars have been transformed to the Johnson-Cousins BV(RI)c photometric system. For ten gravitational lenses (GLs) we also provide the BV(RI)c mean magnitudes of the integrated flux of all the lens components, for the epochs of the photometric calibration. Based on observations made with a) the 1.0 m telescope at Wise Observatory, Israel, b) the 1.3 m telescope at Skinakas Observatory, Crete, Greece, and c) the 1.9 m SAAO telescope, Sutherland Observatory, South Africa. Tables \ref{info}-\ref{colors-gls} and Fig. \ref{findingchart} are only available in electronic form at http://www.edpsciences.org </subfield>
  </datafield>
  <datafield tag="700" ind1=" " ind2=" ">
    <subfield code="a"> Ofek, E. O.</subfield>
  </datafield>
  <datafield tag="700" ind1=" " ind2=" ">
    <subfield code="a"> Boumis, P.</subfield>
  </datafield>
  <datafield tag="700" ind1=" " ind2=" ">
    <subfield code="a"> Cuypers, J.</subfield>
  </datafield>
  <datafield tag="700" ind1=" " ind2=" ">
    <subfield code="a"> Sinachopoulos, D.</subfield>
  </datafield>
  <datafield tag="700" ind1=" " ind2=" ">
    <subfield code="a"> van Dessel, E.</subfield>
  </datafield>
  <datafield tag="700" ind1=" " ind2=" ">
    <subfield code="a"> Gal-Yam, A.</subfield>
  </datafield>
  <datafield tag="700" ind1=" " ind2=" ">
    <subfield code="a"> Papamastorakis, J.</subfield>
  </datafield>
  <datafield tag="773" ind1=" " ind2=" ">
    <subfield code="p">Astronomy and Astrophysics</subfield>
    <subfield code="v">402</subfield>
    <subfield code="y">2003</subfield>
    <subfield code="c">1157-1158</subfield>
  </datafield>
  <datafield tag="856" ind1="4" ind2="2">
    <subfield code="a">http://esoads.eso.org/abs/2003A%26A...402.1157N</subfield>
  </datafield>
  <datafield tag="905" ind1=" " ind2=" ">
    <subfield code="a">published in</subfield>
  </datafield>
  <datafield tag="980" ind1=" " ind2=" ">
    <subfield code="a">REFERD</subfield>
  </datafield>
</record>
</collection>